Arte sacra de Alagoas : (Record no. 1433)

MARC details
000 -LÍDER
Campo Fixo de Controle 00893nam a2200253 a 4500
001 - NÚMERO DE CONTROLE
Campo de Controle 1433
003 - IDENTIFICAÇÃO DO NÚMERO DE CONTROLE
Campo de Controle BR-CuiBMT
005 - DATA E HORA DA ÚLTIMA ATUALIZAÇÃO
Campo de Controle 20231209135132.0
008 - DADOS FIXOS
Dados Fixos 231209s2006 alb 000 0 por d
020 ## - INTERNATIONAL STANDARD BOOK NUMBER
Nº do ISBN 9788570185181
040 ## - AGÊNCIA CATALOGADORA
Código da Agência Catalogadora BR-CuiBMT
Agência que transcreveu o registro BR-CuiBMT
080 ## - Nº DA CLASSIFICAÇÃO DECIMAL UNIVERSAL
Nº edição CDU 2007
Nº Class. CDU 7.046
Subd. Auxiliar Comum (813.5)
090 ## - NÚMERO DE CHAMADA
Nº classificação 7.046(813.5)
Cutter T312a
100 1# - ENTRADA PRINCIPAL -- AUTOR PESSOAL
Nome pessoal Tenório, Douglas Apratto,
Datas associadas ao nome 1945-
245 10 - TÍTULO PRINCIPAL
Título principal Arte sacra de Alagoas :
Subtítulo um tesouro da memória /
Indicação de responsabilidade Douglas Apratto Tenório ; Leda Maria de Almeida ; Carmem Lúcia Dantas.
260 ## - PUBLICAÇÃO, DISTRIBUIÇÃO, ETC.
Local de publicação Brasília :
Editora Senado Federal,
-- Conselho Editorial,
Data 2006.
300 ## - DESCRIÇÃO FÍSICA
N. páginas ou volumes 109 p. :
Ilustrações il. color. ;
Dimensões 28 cm
490 1# - INDICAÇÃO DE SÉRIE
Título da série Edições do Senado Federal ;
Volume/designação sequencial da série v. 75
650 ## - ASSUNTO TÓPICO
Cabeçalho tópico ou nome geográfico Arte religiosa
Subdivisão geográfica Alagoas
700 1# - ENTRADA SECUNDÁRIA -- NOME PESSOAL
Nome pessoal Almeida, Leda Maria de
710 1# - ENTRADA SECUNDÁRIA -- ENTIDADE
Nome da entidade ou lugar Dantas, Carmen Lúcia Tavares Almeida,
Unidade subordinada 1945-
830 #0 - ENTRADA SECUNDÁRIA DE SÉRIE -- TÍTULO UNIFORME
Título uniforme Edições do Senado Federal ;
Nº do volume/designação sequencial da série 75
942 ## - ELEMENTOS DE ENTRADA ADICIONAIS (KOHA)
Fonte de classificação ou esquema de arquivamento Classificação Decimal Universal
Tipo de item do Koha Livros
Holdings
Estado: removido Estado: perdido Fonte de classificação ou esquema de arquivamento Estado: danificado Indisponível para empréstimo Localização permanente Localização atual Data de aquisição Total Checkouts Número de Chamada completo Código de barras Date last seen Número do exemplar Preço efetivo a partir de Tipo de item (Koha)
    Classificação Decimal Universal     Biblioteca da Escola Superior de Contas do TCE/MT Biblioteca da Escola Superior de Contas do TCE/MT 09/12/2023   7.046(813.5) T312a BIBTCEMT23120323 09/12/2023 Ex. 1 09/12/2023 Livros

Powered by Koha